les personnages amour sucré ! - Statistiques

Statistiques générales
  • Ce quiz a été pris 1 200 fois
  • Le résultat moyen est 25 sur 35
Statistiques - réponses
Hint Réponse % Correct
un des 5 cdc HSL castiel
98%
un des 5 cdc HSL lysandre
96%
un des 5 cdc HSL nathaniel
96%
un des 5 cdc HSL armin
95%
un des 5 cdc HSL kentin
95%
soeur d'un des cdc ambre
94%
meilleure amie de sucrette rosalya
91%
frère jumeau d'un des cdc alexy
89%
amie de sucrette aux cheveux violets violette
88%
amie rousse de sucrette iris
84%
amie de la peste li
84%
petit ami de la réponse précédente leigh
83%
amie et rivale de sucrette si elles aiment le même cdc blond melody
83%
ex petite amie du bad boy aux cheveux rouges debrah
81%
rédactrice en chef du journal du lycée peggy
81%
elle parle en abréviations kim
79%
neveu d'un des professeurs, on le rencontre à la plage dake
78%
amie de la peste charlotte
77%
jeune collégienne fan d'un chanteur amateur nina
73%
un des trois nouveaux cdc CL priya
71%
un des trois nouveaux cdc CL hyun
68%
admiratrice de ce groupe capucine
67%
responsable du club de jardinage jade
66%
un des trois nouveaux cdc CL rayan
65%
petit frère d'une amie de sucrette (et cdc ASNG) thomas
65%
premier personnage que l'on voit dans le jeu agatha
57%
bonne amie de sucrette dans CL chani
57%
petit copain du meilleur ami de sucrette morgan
53%
responsable du club de basket dajan
50%
ancienne meilleure amie de sucrette laeti
50%
inspecteur, et possible cdc eric
49%
personnage de la dessinatrice du jeu chinomimi
44%
colloc de sucrette à la fac yeleen
40%
patronne du cosy bear café clémence
37%
agent artistique de sucrette dans LL yael
22%
Aucun quiz correspondant
Distribution des résultats
% des personnes avec chaque résultat
Percentile par nombre de réponses
Votre historique - résultats
Vous n’avez pas pris ce quiz